| 000 | 00629nam a2200205Ia 4500 | ||
|---|---|---|---|
| 003 | GCL | ||
| 008 | 140319s9999 xx 000 0 ara d | ||
| 020 | _a7757235977 | ||
| 040 |
_aGCL / _cGCL |
||
| 082 | 0 | 4 |
_a811.09 _bع م |
| 100 | 1 | _aفاروق شوشة | |
| 245 | 1 | 0 |
_aمختارات من شعر العقاد / _cفاروق شوشة |
| 250 | _aالاولى | ||
| 260 |
_aالقاهرة : _bالمجلس الاعلى للثقافة ، _c1996 |
||
| 300 |
_a136 ص ؛ _c12 سم |
||
| 650 | 0 | 4 | _aالشعر العربى |
| 650 | 0 | 4 | _aالادب العربى |
| 650 | 0 | 4 | _aالشعر العربى الحديث |
| 942 |
_2ddc _cBK |
||
| 999 |
_c135 _d135 |
||